LEADER 01363nam a2200337 i 4500 001 000000238530 003 CaOOAMICUS 005 20210806114613.0 008 150202s2014 it u000 u ita u 013 $a217435 020 $a978-88-7016-965-2 040 $aSeMil$bita 245 00$aLutero e la mistica /$ca cura di Franco Buzzi, Dieter Kampen e Paolo Ricca. 264 1$aTorino :$bClaudiana,$c2014. 300 $a271 p. ;$c22 cm. 490 1 $aLutero: Opere scelte 650 4$aMistica luterana.$0(OLS)http://semarc/subject/42190 700 1 $aLuther, Martin$b<1483-1545>.$0(OLS)http://semarc/name/305 700 1 $aRicca, Paolo,$d<1936-2024>.$0(OLS)http://semarc/name/306 700 1 $aKampen, Dieter.$0(OLS)http://semarc/name/81255 700 1 $aBuzzi, Franco,$c.$0(OLS)http://semarc/name/14631 830 0$aLutero: Opere scelte.$0(OLS)http://semarc/title/565 850 $aSeMil 852 $aSeMil$W1$xVenegono$y1$m2BA F 4$j227734$B188876$CSeMilBibl$Z2$F199595 $81 900 1 $aMartin Lutero. 961 $aSottoscrizione: Claudiana 996 $6020$a978-88-7016-965-2$9(OLS)http://semarc/number/244212 996 $6245$aLutero e la mistica$9(OLS)http://semarc/title/339918 996 $6264$aTorino :$bClaudiana$9(OLS)http://semarc/publisher/29837 LEADER 01701nam a2200289 i 4500 001 000000085059 003 CaOOAMICUS 005 20251217094353.0 008 180201s2017 it u000 u ita u 040 $aSeMil$bita 100 1 $aMilani, Alessandro.$0(OLS)http://semarc/name/92225 245 13$aIl Messale di Civate :$barchivio storico e civico e Biblioteca Trivulziana (Triv. 2294) /$cAlessandro Milani, Paolo Tentori. 250 $aVersione anastatica integrale da ricolorazione di microfilm. 264 1$aMilano :$bArchivio Storico e Civico e Biblioteca Trivulziana,$c2017. 300 $a1 v. (senza paginazione riccamente illustrato a colori) ;$c23 cm. 500 $aRif. scheda Manus: CNMD\0000183967 534 $pRist. anastatica :$tMissale saeculo 11. exaratum ad usum Monasterii SS. Petri, et Caloceri de Clavate. Ordinis S. Benedicti, Diocesis Mediolanensis$c[Sec. 15.] 650 4$aMilano - Archivio storico civico e Biblioteca Trivulziana - Manoscritti - Cod. 2294.$0(OLS)http://semarc/subject/58656 650 4$aCivate - Libri liturgici.$0(OLS)http://semarc/subject/53802 650 4$aLibri liturgici - Messale romano - Propri delle Messe.$0(OLS)http://semarc/subject/59210 700 1 $aTentori, Paolo.$0(OLS)http://semarc/name/20407 850 $aSeMil 852 $aSeMil$W1$xVenegono$y1$m3K VI 364$j49201$B49201$CSeMilBibl$Z2$F52658 $81 961 $aOmaggio: Tentori Paolo 996 $6245$aIl Messale di Civate :$barchivio storico e civico e Biblioteca Trivulziana (Triv. 2294)$9(OLS)http://semarc/title/405686 996 $6264$aMilano :$bArchivio Storico e Civico e Biblioteca Trivulziana$9(OLS)http://semarc/publisher/56775